Birth order differentials in India (Record no. 493978)

000 -LEADER
fixed length control field 00431cam a22001097a 4500
008 - FIXED-LENGTH DATA ELEMENTS--GENERAL INFORMATION
fixed length control field 180718b1984 xxu||||| |||| 00| 0 eng d
082 ## - DEWEY DECIMAL CLASSIFICATION NUMBER
Classification number O065x54 In2/1984
245 ## - TITLE STATEMENT
Title Birth order differentials in India
Statement of responsibility, etc. by Vital Statistics Division, Ministry of Home Affairs
260 ## - PUBLICATION, DISTRIBUTION, ETC.
Place of publication, distribution, etc. New Delhi
Name of publisher, distributor, etc. Vital Statistics Division, Ministry of Home Affairs
Date of publication, distribution, etc. 1984
300 ## - PHYSICAL DESCRIPTION
Extent 213p.
700 ## - ADDED ENTRY--PERSONAL NAME
Personal name India. Ministry of Home Affairs, Vital Statistics Division
Holdings
Withdrawn status Lost status Damaged status Not for loan Permanent Location Current Location Date acquired Full call number Barcode Date last seen Price effective from Koha item type
        Indian Institute of Public Administration Indian Institute of Public Administration 2018-08-04 O065x54 In2/1984 GG20897 2018-08-04 2018-08-04 GG

Powered by Koha